Central Library, Doon University
WEBOPAC (ONLINE PUBLIC ACCESS CATALOGUE)

Vogel's Textbook of Practical Organic Chemistry (Record no. 60779)

MARC details
000 -LEADER
fixed length control field 00627nam a22002297a 4500
005 - DATE & TIME
control field 20260513122007.0
008 - FIXED-LENGTH DATA ELEMENTS--GENERAL INFORMATION
fixed length control field 260513b |||||||| |||| 00| 0 eng d
020 ## - ISBN
International Standard Book Number 9788177589573
Price 1720.00
040 ## - CATALOGING SOURCE
Original cataloging agency Doon University
041 ## - Language
Language English
082 ## - DDC NUMBER
Classification number 547.0028
Book Number FUR
100 ## - MAIN ENTRY--PERSONAL NAME
Personal name Furniss,Brian S.
245 ## - TITLE STATEMENT
Title Vogel's Textbook of Practical Organic Chemistry
250 ## - EDITION STATEMENT
Edition statement 5th
260 ## - PUBLICATION, DISTRIBUTION, ETC. (IMPRINT)
Place of publication, distribution, etc Noida
Name of publisher, distributor, etc Pearson
Date of publication, distribution, etc 2025
300 ## - PHYSICAL DESCRIPTION
Pages 1514
650 ## - Subject
Subject Chemistry (PM USHA)
700 ## - Added Entry Personal Name
Added Entry Personal Name Hannaford, Antony J.
700 ## - Added Entry Personal Name
Added Entry Personal Name Smith, Peter W. G.
700 ## - Added Entry Personal Name
Added Entry Personal Name Tatchell, Austin R.
942 ## - ADDED ENTRY ELEMENTS (KOHA)
Koha item type Books
100 ## - MAIN ENTRY--PERSONAL NAME
-- 13308
650 ## - Subject
-- 26803
700 ## - Added Entry Personal Name
-- 26805
700 ## - Added Entry Personal Name
-- 26806
700 ## - Added Entry Personal Name
-- 26807
952 ## - LOCATION AND ITEM INFORMATION (KOHA)
-- 2026-05-13
952 ## - LOCATION AND ITEM INFORMATION (KOHA)
-- 2026-05-13
Holdings
Withdrawn status Lost status Source of classification or shelving scheme Damaged status Not for loan Location (home branch) Sublocation or collection (holding branch) Date acquired Koha full call number Accession No. Koha date last seen Koha item type Koha issues (times borrowed)
        Not For Loan Doon University Doon University 13.05.2026 547.0028 FUR 33103 13.05.2026 Reference  
          Doon University Doon University 13.05.2026 547.0028 FUR 33104 13.05.2026 Books  
Contact : +91-135-2533126 (Library),+91-135-2533105 (Admin Office) , Email : doonlibrary@gmail.com

Powered by Koha